00523nam a2200157Ia 450000500170000000800410001708200110005810000170006924500460008626000540013230000120018650000520019894200060025095200940025699900150035020250522011251.0240331s9999 xx 000 0 und d a301SEN aSenthival, K 0aKailasapathiyin samooga nokum pangalippum aMadrasbNational Art & Literary Associationc1992 a79 p ., aA book About Kalilasapathyin Samooga Pangalippu cL 001040708LaWERCLbWERCLcSSCd2024-03-31l0o 301SENp1430r2024-03-31w2024-03-31yL c1016d1016